الحرب الباردة الكونية / (Record no. 63262)
[ view plain ]
| 000 -الفاتح | |
|---|---|
| حقل البيانات ثابتة الطول | 01008nam a22002537a 4500 |
| 005 - وقت وتاريخ اخر تعامل مع التسجيلة | |
| رقم الضبط | 20240530110631.0 |
| 008 - عناصر البيانات ثابتة الطول - معلومات عامة | |
| حقل البيانات ثابتة الطول | 170705s2014 ua a g b 000 0dara d |
| 017 ## - رقم الايداع القانونى | |
| رقم الايداع القانونى | 2011/16815 |
| المصدر ( الهيئة المختصة) | مصر . دار الكتب المصرية |
| 020 ## - الرقم الدولى المعيارى للكتب | |
| الرقم الدولى المعيارى للكتاب | 9789777047791 |
| 040 ## - مصدر الفهرسة | |
| وكالة الفهرسة الأصلية | EG-CaGPL |
| 082 04 - رقم تصنيف ديوى العشرى | |
| رقم الطبعة | 21 |
| رقم التصنيف | 327.1/ |
| رقم المادة | و ح |
| 100 1# - المدخل الرئيسى - إسم شخصى | |
| الإسم الشخصى | وستاد ، اود ارن . |
| 245 12 - بيان العنوان | |
| العنوان | الحرب الباردة الكونية / |
| بيان المسئوليه,etc | تاليف اود ارن وستاد ؛ ترجمة مى مقلد ؛ مراجعة طلعت الشايب . |
| 250 ## - بيان الطبعة | |
| بيان الطبعة | ط. 1 |
| 260 ## - PUBLICATION, DISTRIBUTION, ETC. (IMPRINT) | |
| تاريخ النشر أو التوزيع | 2014 . |
| 300 ## - الوصف المادى | |
| التعداد | 739 ص ؛ |
| أبعاد الوعاء | 24 سم . |
| 490 1# - بيان السلسلة | |
| عنوان السلسلة | المركز القومى للترجمة ؛ |
| رقم المجلد/ التعيين التسلسلي | 1942 |
| 504 ## - تبصرة ببليوجرافية | |
| تبصرة ببليوجرافية,الخ | يشتمل على ارجاعات ببليوجرافية <br/> |
| 650 04 - المدخل الاضافى بالموضوع-مصطلح موضوعى | |
| مصطلح موضوعي | الحرب النفسية . |
| 700 0# - المدخل الاضافى - اسم شخصى | |
| الإسم الشخصى | مى مقلد |
| الدور | مترجم . |
| 700 0# - المدخل الاضافى - اسم شخصى | |
| الإسم الشخصى | طلعت الشايب |
| الدور | مراجع . |
| 942 ## - عناصر المدخل الإضافي( كوها) | |
| مصدر التصنيف او مخطط الترفيف | Dewey Decimal Classification |
| Koha [default] item type | كتاب |
| 260 ## - PUBLICATION, DISTRIBUTION, ETC. (IMPRINT) | |
| -- | القاهرة : |
| -- | المركز القومى للترجمة ، |
| حالة التراجع | حالة الفقد | حالة تلف | ليس للاعارة | المكان المؤقت | الموقع الحالى | تاريخ الاكتساب | اجمالي اﻻعارات | رقم الطلب | الباركود | تاريخ اخر مشاهدة | تاريخ تفعيل السعر | نوع وعاء كوها | موقع الترفيف |
|---|---|---|---|---|---|---|---|---|---|---|---|---|---|
| مكتبة القاهرة الكبرى | مكتبة القاهرة الكبرى | 07/05/2017 | 327.1/ و ح | 163235 | 07/05/2017 | 07/05/2017 | كتاب | ||||||
| مكتبة القاهرة الكبرى | مكتبة القاهرة الكبرى | 07/05/2017 | 327.1/ و ح | 163236 | 07/05/2017 | 07/05/2017 | كتاب | القاعة الرئيسية |

